| 000 | 00415nam a2200157Ia 4500 | ||
|---|---|---|---|
| 008 | 210423s2009 xx 000 0 und d | ||
| 041 | _aeng | ||
| 082 | _a658.404 SINN | ||
| 100 | _aSINGH (Narendra). | ||
| 245 | _aProject management and control. | ||
| 250 | _a5 | ||
| 260 |
_aMumbai _bHimalaya Publishing House _c2009 |
||
| 300 |
_avi,598 _bPB |
||
| 365 |
_b395 _cINR |
||
| 906 | _acontrol. ; management ; Project | ||
| 999 |
_c155282 _d155282 |
||